[Event "Aragon-chT Preferente Gr II"]
[Site "Aragon"]
[Date "2023.03.04"]
[Round "6.52"]
[White "Mombiela de Sus, Jose Luis"]
[Black "Sierra Aguerri, Joaquin"]
[Result "1-0"]
[WhiteElo "1944"]
[BlackElo "2091"]
[PlyCount "95"]
[EventDate "2023.01.28"]
[EventType "team-tourn"]
[EventRounds "9"]
[EventCountry "ESP"]
[SourceTitle "EXT 2024"]
[Source "ChessBase"]
[SourceDate "2023.10.10"]
[SourceVersion "1"]
[SourceVersionDate "2023.10.10"]
[SourceQuality "1"]
[WhiteTeam "Las Fuentes II"]
[BlackTeam "Tauste"]
[WhiteTeamCountry "ESP"]
[BlackTeamCountry "ESP"]

1. Nf3 Nf6 2. b3 d5 3. Bb2 Bf5 4. g3 e6 5. Bg2 h6 6. 0-0 Be7 7. d3 0-0 8. Nbd2 a5 9. a4 Nbd7 10. e3 c5 11. h3 Bh7 12. Nh2 Rc8 13. f4 c4 14. bxc4 Qb6 15. Bd4 Bc5 16. Nhf3 Rfd8 17. Qb1 Qa7 18. Qb2 Bxd4 19. exd4 Rc7 20. Ra3 dxc4 21. Nxc4 Nd5 22. Rb3 Nb4 23. Rf2 Nf6 24. Nce5 Nfd5 25. Re2 Nb6 26. c3 Nxd3 27. Nxd3 Bxd3 28. Re1 Nxa4 29. Qa1 b5 30. Ne5 Bc4 31. Ra3 Bd5 32. Bxd5 exd5 33. Kg2 Rdc8 34. Re3 f6 35. Ng6 Kf7 36. f5 Qb6 37. Qd1 Re8 38. c4 Rxe3 39. Rxe3 dxc4 40. Qh5 Qc6+ 41. Kh2 Qd6 42. Nf4+ Kg8 43. Re8+ Qf8 44. Rxf8+ Kxf8 45. Ne6+ Ke7 46. Nxc7 b4 47. Qe8+ Kd6 48. Qxa4 1-0

[Event "Aragon-chT Honor Descenso"]
[Site "Aragon"]
[Date "2022.04.02"]
[Round "10.20"]
[White "Juberias Segura, Santiago"]
[Black "Sierra Aguerri, Joaquin"]
[Result "1-0"]
[WhiteElo "2026"]
[BlackElo "2097"]
[PlyCount "77"]
[EventDate "2022.03.19"]
[EventType "team-tourn"]
[EventRounds "10"]
[EventCountry "ESP"]
[SourceTitle "EXT 2024"]
[Source "ChessBase"]
[SourceDate "2023.10.10"]
[SourceVersion "1"]
[SourceVersionDate "2023.10.10"]
[SourceQuality "1"]
[WhiteTeam "Utebo San Lamberto"]
[BlackTeam "Tauste"]
[WhiteTeamCountry "ESP"]
[BlackTeamCountry "ESP"]

1. c4 e5 2. g3 Nc6 3. Bg2 f5 4. Nc3 Bb4 5. Nd5 Nf6 6. Nxb4 Nxb4 7. a3 Nc6 8. b4 d6 9. d3 0-0 10. b5 Ne7 11. Bb2 Qe8 12. a4 f4 13. Nf3 Qh5 14. gxf4 Ng6 15. e3 exf4 16. e4 Bg4 17. h3 Bxf3 18. Bxf3 Qc5 19. Qe2 Rae8 20. 0-0 Nh4 21. Kh2 Nf5 22. Rg1 Nd4 23. Bxd4 Qxd4 24. a5 d5 25. cxd5 Nxd5 26. Qa2 Kh8 27. exd5 Qxd3 28. Qa3 Qxb5 29. Rae1 b6 30. Qc3 Qd7 31. Bg4 Qd6 32. Be6 Re7 33. axb6 Qxb6 34. Re2 Qd6 35. Qe5 Qc5 36. Rb2 c6 37. Rb8 Rb7 38. Rxb7 Qxf2+ 39. Rg2 1-0

[Event "Aragon-chT Honor Gr II"]
[Site "Aragon"]
[Date "2022.03.05"]
[Round "6.28"]
[White "Llanes Luno, Ricardo"]
[Black "Sierra Aguerri, Joaquin"]
[Result "1/2-1/2"]
[WhiteElo "2203"]
[BlackElo "2097"]
[PlyCount "100"]
[EventDate "2022.01.29"]
[EventType "team-tourn"]
[EventRounds "7"]
[EventCountry "ESP"]
[SourceTitle "EXT 2024"]
[Source "ChessBase"]
[SourceDate "2023.10.10"]
[SourceVersion "1"]
[SourceVersionDate "2023.10.10"]
[SourceQuality "1"]
[WhiteTeam "Delicias"]
[BlackTeam "Tauste"]
[WhiteTeamCountry "ESP"]
[BlackTeamCountry "ESP"]

1. e4 d5 2. exd5 Qxd5 3. Nc3 Qa5 4. d4 Nf6 5. Nf3 Bf5 6. Bc4 c6 7. Bd2 e6 8. Qe2 Bb4 9. a3 Nbd7 10. 0-0-0 Bxc3 11. Bxc3 Qc7 12. Ne5 Nxe5 13. dxe5 Nd5 14. Bxd5 exd5 15. g4 Be4 16. f3 Bg6 17. Qe3 b6 18. h4 h5 19. e6 0-0-0 20. Bxg7 Rhe8 21. Be5 Qe7 22. exf7 Qxf7 23. Qf4 Rd7 24. Qxf7 Rxf7 25. f4 hxg4 26. h5 Be4 27. Rh4 g3 28. h6 g2 29. Bg7 Bh7 30. Kd2 Re4 31. Rg1 Rfxf4 32. Rxf4 Rxf4 33. Rxg2 Kd7 34. Be5 Rf7 35. Rg7 Rxg7 36. Bxg7 a5 37. c3 a4 38. Ke3 Ke6 39. Bd4 b5 40. Bg7 Kf7 41. Kd4 Ke6 42. Bf8 Bb1 43. Ke3 Kf7 44. Bd6 Kg8 45. Kd4 Ba2 46. Kc5 Bc4 47. Kxc6 Kh7 48. Bf4 Kg6 49. Kd6 Kh7 50. Ke7 Bb3 1/2-1/2

[Event "Aragon-chT Honor Gr I"]
[Site "Aragon"]
[Date "2021.05.08"]
[Round "7.28"]
[White "Sierra Aguerri, Joaquin"]
[Black "Dominguez Bujeda, Jesus"]
[Result "1/2-1/2"]
[WhiteElo "2101"]
[BlackElo "2086"]
[PlyCount "48"]
[EventDate "2021.03.13"]
[EventType "team-tourn"]
[EventRounds "7"]
[EventCountry "ESP"]
[SourceTitle "EXT 2024"]
[Source "ChessBase"]
[SourceDate "2023.10.10"]
[SourceVersion "1"]
[SourceVersionDate "2023.10.10"]
[SourceQuality "1"]
[WhiteTeam "Tauste"]
[BlackTeam "Teruel"]
[WhiteTeamCountry "ESP"]
[BlackTeamCountry "ESP"]

1. e4 c5 2. Nc3 Nc6 3. f4 g6 4. Nf3 Bg7 5. Bb5 Nd4 6. 0-0 Nxb5 7. Nxb5 d5 8. e5 d4 9. a4 b6 10. d3 Bb7 11. f5 gxf5 12. e6 fxe6 13. Ng5 Kd7 14. Qe2 Bd5 15. c4 dxc3 16. Nxc3 h6 17. Nf7 Qf8 18. Nxh8 Bxh8 19. Bf4 Bd4+ 20. Kh1 Nf6 21. Nb5 Qg7 22. Nxd4 cxd4 23. Rac1 Ng4 24. Rc7+ Kd8 1/2-1/2

[Event "Aragon-chT Preferente Gr-II"]
[Site "Aragon"]
[Date "2020.02.22"]
[Round "5.57"]
[White "Sierra Aguerri, Joaquin"]
[Black "Fuster Garcia, Luis Miguel"]
[Result "1/2-1/2"]
[WhiteElo "2097"]
[BlackElo "2169"]
[PlyCount "78"]
[EventDate "2020.01.25"]
[EventType "team-tourn"]
[EventRounds "9"]
[EventCountry "ESP"]
[SourceTitle "EXT 2022"]
[Source "ChessBase"]
[SourceDate "2021.10.06"]
[SourceVersion "1"]
[SourceVersionDate "2021.10.06"]
[SourceQuality "1"]
[WhiteTeam "Tauste"]
[BlackTeam "Marcos Frechin II"]
[WhiteTeamCountry "ESP"]
[BlackTeamCountry "ESP"]

1. Nf3 Nf6 2. d4 d5 3. Bf4 c5 4. c3 Nc6 5. e3 Qb6 6. Qb3 c4 7. Qc2 Bf5 8. Qc1 e6 9. Nh4 Bxb1 10. Rxb1 Qa5 11. Nf3 Qxa2 12. Nd2 Qa5 13. Be2 Be7 14. b3 b5 15. 0-0 0-0 16. e4 Rac8 17. bxc4 dxc4 18. Qc2 Nd7 19. Qb2 a6 20. Ra1 Qb6 21. Rfb1 Nxd4 22. cxd4 c3 23. Qa2 cxd2 24. Qxd2 Nf6 25. f3 Rfd8 26. Be3 Qb7 27. Ra2 Bc5 28. Qa5 Bxd4 29. Bxd4 Rxd4 30. Qxa6 Qxa6 31. Rxa6 b4 32. Rb6 Rd2 33. Bf1 h5 34. h4 Nd7 35. R6xb4 Rcc2 36. Rb5 g6 37. Ra1 Ra2 38. Rxa2 Rxa2 39. Kh2 Rc2 1/2-1/2

[Event "Aragon-chT Preferente Gr-II"]
[Site "Aragon"]
[Date "2020.01.25"]
[Round "1.65"]
[White "Sierra Aguerri, Joaquin"]
[Black "Vela Frago, Alberto"]
[Result "0-1"]
[WhiteElo "2097"]
[BlackElo "2040"]
[PlyCount "76"]
[EventDate "2020.01.25"]
[EventType "team-tourn"]
[EventRounds "9"]
[EventCountry "ESP"]
[SourceTitle "EXT 2022"]
[Source "ChessBase"]
[SourceDate "2021.10.06"]
[SourceVersion "1"]
[SourceVersionDate "2021.10.06"]
[SourceQuality "1"]
[WhiteTeam "Tauste"]
[BlackTeam "St Casablanca III"]
[WhiteTeamCountry "ESP"]
[BlackTeamCountry "ESP"]

1. e4 e5 2. Nf3 Nc6 3. Bc4 Nf6 4. Ng5 d5 5. exd5 Na5 6. Bb5+ Bd7 7. Qe2 Be7 8. Nc3 Bxb5 9. Qxb5+ c6 10. dxc6 Nxc6 11. 0-0 0-0 12. Nf3 Qc7 13. Qc4 a6 14. a4 Rac8 15. d3 Nd4 16. Qxc7 Rxc7 17. Bg5 Nxc2 18. Bxf6 Bxf6 19. Nd5 Rd7 20. Nxf6+ gxf6 21. Rac1 Nb4 22. d4 exd4 23. Rc4 Nc6 24. b4 Ne5 25. Rcc1 Nxf3+ 26. gxf3 d3 27. Rc4 Rfd8 28. b5 a5 29. Rd1 Rd4 30. Rc7 R8d7 31. b6 Kf8 32. Re1 d2 33. Rd1 Ke7 34. Rc2 Rxa4 35. Rcxd2 Rxd2 36. Rxd2 Rb4 37. Rd5 a4 38. Ra5 Kd6 0-1

[Event "Aragon-chT Preferente Gr-I"]
[Site "Aragon"]
[Date "2019.03.09"]
[Round "7.37"]
[White "Sierra Aguerri, Joaquin"]
[Black "Planas Torrea, Francisco Javier"]
[Result "1/2-1/2"]
[WhiteElo "2082"]
[BlackElo "2060"]
[PlyCount "101"]
[EventDate "2019.01.26"]
[EventType "team-tourn"]
[EventRounds "9"]
[EventCountry "ESP"]
[SourceTitle "EXT 2020"]
[Source "ChessBase"]
[SourceDate "2019.10.17"]
[SourceVersion "1"]
[SourceVersionDate "2019.10.17"]
[SourceQuality "1"]
[WhiteTeam "Tauste"]
[BlackTeam "Ejea"]
[WhiteTeamCountry "ESP"]
[BlackTeamCountry "ESP"]

1. d4 Nf6 2. Bf4 g6 3. e3 Bg7 4. Nf3 d6 5. h3 0-0 6. Be2 Nbd7 7. 0-0 b6 8. a4 a6 9. Na3 Bb7 10. a5 b5 11. c4 b4 12. Nc2 c5 13. d5 Nh5 14. Bh2 Bxb2 15. Nd2 Bxa1 16. Qxa1 Ng7 17. e4 f5 18. f4 fxe4 19. Nxe4 Nf6 20. Ng5 Bc8 21. g4 Rb8 22. Bd3 b3 23. Ne3 b2 24. Qe1 Rb3 25. Bb1 Ra3 26. Ng2 Ra1 27. Nh4 Qxa5 28. Qxe7 Rxb1 29. Rxb1 Qc3 30. Qe2 Qc1+ 31. Qf1 Qc2 32. f5 Nfe8 33. Qd1 Qxd1+ 34. Rxd1 gxf5 35. Rb1 fxg4 36. Rxb2 Nf5 37. Nxf5 Bxf5 38. hxg4 Bxg4 39. Ne4 Bh3 40. Rf2 Rxf2 41. Kxf2 Bf5 42. Nxd6 Nxd6 43. Bxd6 Bd3 44. Bxc5 Bxc4 45. d6 Bb5 46. Ke1 Kf7 47. Kd2 Ke6 48. Kc3 Kd5 49. d7 Bxd7 50. Be7 a5 51. Kb2 1/2-1/2

[Event "Aragon-chT Honor Gr II"]
[Site "Aragon"]
[Date "2018.02.10"]
[Round "3.17"]
[White "Sierra Aguerri, Joaquin"]
[Black "Lana Rodriguez, David"]
[Result "0-1"]
[WhiteElo "2074"]
[BlackElo "2275"]
[PlyCount "92"]
[EventDate "2018.01.27"]
[EventType "team-tourn"]
[EventRounds "7"]
[EventCountry "ESP"]
[SourceTitle "EXT 2019"]
[Source "ChessBase"]
[SourceDate "2018.10.10"]
[SourceVersion "1"]
[SourceVersionDate "2018.10.10"]
[SourceQuality "1"]
[WhiteTeam "Tauste"]
[BlackTeam "Agrupacion"]
[WhiteTeamCountry "ESP"]
[BlackTeamCountry "ESP"]

1. d4 Nf6 2. Bf4 e6 3. e3 c5 4. c3 Nc6 5. Nd2 d5 6. Bd3 Bd6 7. Bxd6 Qxd6 8. f4 cxd4 9. cxd4 Nb4 10. Bb1 Qa6 11. Qe2 Qa4 12. Qd1 Qa6 13. Qb3 Qd6 14. a3 Nc6 15. Ngf3 b6 16. Bd3 Na5 17. Qd1 0-0 18. Ne5 Bb7 19. Qf3 Nd7 20. Qh5 Nf6 21. Qf3 Qe7 22. 0-0 Nc4 23. Bxc4 dxc4 24. e4 Nxe4 25. Nxe4 f5 26. Qc3 Bxe4 27. Qxc4 Rac8 28. Qb3 Rc2 29. Rf2 Rxf2 30. Kxf2 Rc8 31. Nf3 Rc2+ 32. Kg1 Qd6 33. Re1 Qc6 34. Re3 Rc1+ 35. Kf2 Rc2+ 36. Kg3 Bd5 37. Qb4 Qe8 38. Nh4 Qh5 39. h3 g5 40. Nf3 gxf4+ 41. Kxf4 Qh6+ 42. Ng5 Qh4+ 43. g4 Rf2+ 44. Nf3 fxg4 45. hxg4 Qh6+ 46. g5 Qh2+ 0-1

[Event "Aragon-chT Honor Gr II"]
[Site "Aragon"]
[Date "2018.01.27"]
[Round "1.25"]
[White "Sierra Aguerri, Joaquin"]
[Black "Romero Pallares, Daniel"]
[Result "0-1"]
[WhiteElo "2074"]
[BlackElo "2203"]
[PlyCount "84"]
[EventDate "2018.01.27"]
[EventType "team-tourn"]
[EventRounds "7"]
[EventCountry "ESP"]
[SourceTitle "EXT 2019"]
[Source "ChessBase"]
[SourceDate "2018.10.10"]
[SourceVersion "1"]
[SourceVersionDate "2018.10.10"]
[SourceQuality "1"]
[WhiteTeam "Tauste"]
[BlackTeam "Palacio de Pioneros"]
[WhiteTeamCountry "ESP"]
[BlackTeamCountry "ESP"]

1. d4 Nf6 2. Bf4 g6 3. e3 Bg7 4. Be2 d6 5. Nf3 0-0 6. 0-0 Nbd7 7. h3 b6 8. a4 a6 9. Na3 Bb7 10. a5 b5 11. c4 b4 12. Nc2 c5 13. Qd3 e5 14. dxe5 dxe5 15. Nxe5 Be4 16. Qd1 Nxe5 17. Bxe5 Qxd1 18. Bxd1 Rfe8 19. f4 Bd3 20. Re1 Rad8 21. Rc1 Re6 22. Na1 Bf8 23. Bf3 Nd7 24. Bd5 Ree8 25. Rcd1 Nxe5 26. fxe5 Bf5 27. Nb3 Bc2 28. Rd2 Bxb3 29. Rf2 Rxd5 30. cxd5 Bxd5 31. Rf6 Be6 32. Rc1 c4 33. g4 Bg7 34. Kf2 Bxf6 35. exf6 Rd8 36. Rc2 Kf8 37. Kg3 h6 38. h4 g5 39. hxg5 hxg5 40. Rh2 Ke8 41. Rh8+ Kd7 42. Rh5 c3 0-1

[Event "Aragon-chT Preferente A"]
[Site "Aragon"]
[Date "2016.01.30"]
[Round "1.33"]
[White "Sierra Aguerri, Joaquin"]
[Black "Planas Torrea, Francisco Javier"]
[Result "1-0"]
[WhiteElo "2059"]
[BlackElo "2040"]
[PlyCount "59"]
[EventDate "2016.01.30"]
[EventType "team-tourn"]
[EventRounds "9"]
[EventCountry "ESP"]
[SourceTitle "EXT 2018"]
[Source "ChessBase"]
[SourceDate "2017.10.13"]
[SourceVersion "1"]
[SourceVersionDate "2017.10.13"]
[SourceQuality "1"]
[WhiteTeam "Tauste"]
[BlackTeam "Ejea"]
[WhiteTeamCountry "ESP"]
[BlackTeamCountry "ESP"]

1. d4 d5 2. Nf3 Nf6 3. e3 Bg4 4. c4 Bxf3 5. Qxf3 e6 6. Bd3 c6 7. 0-0 Be7 8. b3 0-0 9. Bb2 Nbd7 10. Nc3 Qa5 11. a3 Qb6 12. b4 dxc4 13. Bxc4 Nd5 14. Na4 Qd8 15. Bd3 Bd6 16. e4 Nf4 17. Bc2 Ng6 18. e5 Be7 19. Qe4 Re8 20. f4 Nb6 21. f5 exf5 22. Qxf5 Qd5 23. Nxb6 axb6 24. Rf3 Qe6 25. Qd3 Rf8 26. Raf1 Qd7 27. Bb3 Bg5 28. Rxf7 Rxf7 29. Rxf7 Qd8 30. Rd7+ 1-0

[Event "Aragon-chT Honor GrB"]
[Site "Aragon"]
[Date "2015.02.28"]
[Round "6.29"]
[White "Del Rey, Diego"]
[Black "Sierra Aguerri, Joaquin"]
[Result "1-0"]
[WhiteElo "2390"]
[BlackElo "2053"]
[PlyCount "77"]
[EventDate "2015.01.24"]
[EventType "team-tourn"]
[EventRounds "7"]
[EventCountry "ESP"]
[SourceTitle "EXT 2017"]
[Source "ChessBase"]
[SourceDate "2016.10.25"]
[SourceVersion "1"]
[SourceVersionDate "2016.10.25"]
[SourceQuality "1"]
[WhiteTeam "El Olivar"]
[BlackTeam "Tauste"]
[WhiteTeamCountry "ESP"]
[BlackTeamCountry "ESP"]

1. e4 d5 2. exd5 Qxd5 3. Nc3 Qa5 4. Bc4 Nf6 5. d3 c6 6. Bd2 Bf5 7. Qe2 e6 8. h3 h5 9. Nf3 Nbd7 10. Nb5 Qb6 11. Nbd4 Bg6 12. 0-0 c5 13. Nb3 Bd6 14. Nh4 Bh7 15. f4 0-0 16. Nf3 Qc7 17. Ng5 Bf5 18. Ne4 Be7 19. Bc3 h4 20. Nxf6+ Nxf6 21. a4 Nd5 22. Be5 Bd6 23. Bxd6 Qxd6 24. Qf2 Nb6 25. Nd2 Qd4 26. Qxd4 cxd4 27. Bb3 Rfd8 28. Nf3 Nd7 29. a5 b5 30. axb6 Nxb6 31. Ra5 Kf8 32. Nxh4 Bh7 33. f5 Ke7 34. fxe6 fxe6 35. Rg5 Rg8 36. Re1 Kf6 37. Rh5 g5 38. Rxe6+ Kg7 39. Re7+ 1-0

[Event "Aragon-chT Honor GrB"]
[Site "Aragon"]
[Date "2015.02.14"]
[Round "4.26"]
[White "Sierra Aguerri, Joaquin"]
[Black "Sacristan Latorre, Alberto"]
[Result "1-0"]
[WhiteElo "2053"]
[BlackElo "2021"]
[PlyCount "69"]
[EventDate "2015.01.24"]
[EventType "team-tourn"]
[EventRounds "7"]
[EventCountry "ESP"]
[SourceTitle "EXT 2017"]
[Source "ChessBase"]
[SourceDate "2016.10.25"]
[SourceVersion "1"]
[SourceVersionDate "2016.10.25"]
[SourceQuality "1"]
[WhiteTeam "Tauste"]
[BlackTeam "Cerbuna CMU"]
[WhiteTeamCountry "ESP"]
[BlackTeamCountry "ESP"]

1. e4 c5 2. Nc3 d6 3. f4 g6 4. Nf3 Bg7 5. Bb5+ Bd7 6. Bc4 Nc6 7. 0-0 e6 8. d3 Nge7 9. Qe1 Nd4 10. Nxd4 cxd4 11. Nb5 Qb6 12. a4 a6 13. a5 Qc6 14. Na3 d5 15. Bb3 0-0 16. Bd2 Rfe8 17. Bb4 dxe4 18. dxe4 Qc7 19. Rd1 Rad8 20. Rd3 Bb5 21. Nxb5 axb5 22. Bd2 Nc6 23. Qh4 Qe7 24. Qf2 Qf6 25. h4 Ra8 26. f5 exf5 27. Bg5 Qd6 28. exf5 Ne5 29. fxg6 Qxg6 30. Rg3 Kh8 31. h5 Qxh5 32. Bf6 Rg8 33. Rg5 Qh6 34. Rxg7 Ng4 35. Rxg4+ 1-0

[Event "Aragon-chT Honor Descenso"]
[Site "Aragon"]
[Date "2014.03.30"]
[Round "11.30"]
[White "Martinez Cebolla, Alberto"]
[Black "Sierra Aguerri, Joaquin"]
[Result "0-1"]
[WhiteElo "2054"]
[BlackElo "2018"]
[PlyCount "122"]
[EventDate "2014.01.25"]
[EventType "team-tourn"]
[EventRounds "11"]
[EventCountry "ESP"]
[SourceTitle "EXT 2015"]
[Source "ChessBase"]
[SourceDate "2014.11.20"]
[SourceVersion "1"]
[SourceVersionDate "2014.11.20"]
[SourceQuality "1"]
[WhiteTeam "IberCaja"]
[BlackTeam "Tauste"]
[WhiteTeamCountry "ESP"]
[BlackTeamCountry "ESP"]

1. e4 d5 2. exd5 Qxd5 3. Nc3 Qa5 4. d4 Nf6 5. Nf3 c6 6. Bc4 Bf5 7. Bd2 e6 8. Nd5 Qd8 9. Nxf6+ gxf6 10. Bf4 Bd6 11. Bxd6 Qxd6 12. Qd2 Nd7 13. 0-0-0 0-0-0 14. h3 h5 15. Rhe1 h4 16. Re3 Qf4 17. Qa5 Nb6 18. Bb3 Kb8 19. Kb1 Rh5 20. Ka1 Rg8 21. c4 Rxg2 22. c5 Nc8 23. d5 Qc7 24. Qxc7+ Kxc7 25. dxe6 fxe6 26. Bxe6 Bxe6 27. Rxe6 Rxf2 28. Rxf6 Rxc5 29. Rf7+ Kb6 30. Ne5 Rxf7 31. Nxf7 Rf5 32. Nd8 Rf6 33. Re1 Rf3 34. Rh1 Nd6 35. Ne6 Ne4 36. a3 c5 37. Re1 Nd2 38. Ng5 Rg3 39. Ne4 Nb3+ 40. Ka2 Rxh3 41. Nc3 Nd4 42. Re5 Kc6 43. Na4 Kd6 44. Rh5 Ne6 45. Rh6 Ke5 46. Rh7 b5 47. Nc3 b4 48. axb4 cxb4 49. Nb1 Rh2 50. Rxa7 Nc5 51. Rh7 Kd4 52. Rh8 Kd3 53. Rc8 Kc4 54. Rd8 Ne4 55. Rc8+ Kd3 56. Rd8+ Ke3 57. Rb8 Nc3+ 58. Nxc3 bxc3 59. Re8+ Kf3 60. Rf8+ Kg3 61. Rg8+ Kh3 0-1

[Event "Aragon-chT Honor Descenso"]
[Site "Aragon"]
[Date "2014.03.15"]
[Round "8.18"]
[White "Sierra Aguerri, Joaquin"]
[Black "Dominguez Bujeda, Jesus"]
[Result "1-0"]
[WhiteElo "2018"]
[BlackElo "2171"]
[PlyCount "128"]
[EventDate "2014.01.25"]
[EventType "team-tourn"]
[EventRounds "11"]
[EventCountry "ESP"]
[SourceTitle "EXT 2015"]
[Source "ChessBase"]
[SourceDate "2014.11.20"]
[SourceVersion "1"]
[SourceVersionDate "2014.11.20"]
[SourceQuality "1"]
[WhiteTeam "Tauste"]
[BlackTeam "Teruel"]
[WhiteTeamCountry "ESP"]
[BlackTeamCountry "ESP"]

1. e4 c5 2. Nc3 Nc6 3. f4 g6 4. Nf3 Bg7 5. Bb5 Nd4 6. 0-0 Nxb5 7. Nxb5 d5 8. exd5 a6 9. Nc3 Nf6 10. d4 Nxd5 11. dxc5 Nxc3 12. Qxd8+ Kxd8 13. bxc3 Bxc3 14. Rb1 Kc7 15. Rb3 Bf6 16. Bd2 Be6 17. Ba5+ Kc8 18. Rb6 Bd5 19. Ne5 Rd8 20. c4 Be4 21. c6 bxc6 22. Nxc6 Rd6 23. Ne5 Rxb6 24. Bxb6 Kb7 25. c5 Bxe5 26. fxe5 Bd5 27. a4 Kc6 28. g3 Rc8 29. h4 Kd7 30. Kf2 Ke6 31. Re1 Kf5 32. Re3 Be4 33. Re1 Kxe5 34. Ke3 f5 35. Kd2 Kd5 36. Kc3 Kc6 37. Kd4 Rb8 38. a5 Rb7 39. Ke5 Rd7 40. Ke6 Bd5+ 41. Ke5 Bf7 42. Kf4 Rd4+ 43. Kg5 Rd7 44. Kh6 Be8 45. Kg7 e6+ 46. Kg8 Kd5 47. Kf8 e5 48. Kxe8 Rg7 49. Rd1+ Kc6 50. Rd6+ Kb5 51. Kf8 Rb7 52. c6 Rb8+ 53. Kg7 Rc8 54. c7 f4 55. gxf4 exf4 56. Rf6 g5 57. hxg5 f3 58. Kxh7 f2 59. Rxf2 Kc6 60. Rf8 Kb7 61. Kg7 Ka8 62. g6 Kb7 63. Rxc8 Kc6 64. Rd8 Kb5 1-0

[Event "Aragon-chT Honor GrB"]
[Site "Aragon"]
[Date "2014.02.01"]
[Round "2.26"]
[White "Sierra Aguerri, Joaquin"]
[Black "Llanes Luno, Pedro Alfredo"]
[Result "1-0"]
[WhiteElo "2018"]
[BlackElo "2127"]
[PlyCount "109"]
[EventDate "2014.01.25"]
[EventType "team-tourn"]
[EventRounds "7"]
[EventCountry "ESP"]
[SourceTitle "EXT 2015"]
[Source "ChessBase"]
[SourceDate "2014.11.20"]
[SourceVersion "1"]
[SourceVersionDate "2014.11.20"]
[SourceQuality "1"]
[WhiteTeam "Tauste"]
[BlackTeam "Delicias"]
[WhiteTeamCountry "ESP"]
[BlackTeamCountry "ESP"]

1. e4 c5 2. Nc3 g6 3. f4 Bg7 4. Nf3 Nc6 5. Bb5 Nd4 6. 0-0 Nxb5 7. Nxb5 Nf6 8. d3 0-0 9. Qe1 d6 10. f5 gxf5 11. Qh4 Qd7 12. e5 dxe5 13. c4 Qxd3 14. Nxe5 Qe2 15. Bf4 Be6 16. Nc7 Rad8 17. Nxe6 fxe6 18. Nf3 Qxc4 19. Rac1 Qxa2 20. Be5 Rd5 21. Bc3 b5 22. Ng5 Rd4 23. Bxd4 cxd4 24. Qxd4 Ne4 25. Qe3 Qxb2 26. Nxe6 Be5 27. Rb1 Qd2 28. Qxd2 Nxd2 29. Rxb5 Bxh2+ 30. Kxh2 Nxf1+ 31. Kg1 Rf6 32. Rb8+ Kf7 33. Nd8+ Ke8 34. Kxf1 Kd7 35. Ra8 e5 36. Nb7 Kc6 37. Na5+ Kb6 38. Nc4+ Kb7 39. Rh8 e4 40. Rxh7+ Ka6 41. Rh5 Kb5 42. Ne3 a5 43. Ke2 a4 44. g4 a3 45. Nxf5 a2 46. Ne3+ Ka4 47. Rh1 Kb3 48. Rd1 Ra6 49. Kf2 a1Q 50. Rxa1 Rxa1 51. Kg3 Kc3 52. g5 Kd3 53. Kf4 Rg1 54. Nf5 Rf1+ 55. Ke5 1-0

[Event "St Casablanca la Constitucion 2nd"]
[Site "St Casablanca"]
[Date "2013.12.08"]
[Round "6.5"]
[White "Fernandez Zubitur, Jokin"]
[Black "Sierra Aguerri, Joaquin"]
[Result "0-1"]
[WhiteElo "1983"]
[BlackElo "2023"]
[PlyCount "132"]
[EventDate "2013.12.06"]
[EventType "swiss"]
[EventRounds "7"]
[EventCountry "ESP"]
[SourceTitle "EXT 2024"]
[Source "ChessBase"]
[SourceDate "2023.10.10"]
[SourceVersion "1"]
[SourceVersionDate "2023.10.10"]
[SourceQuality "1"]

1. e4 d5 2. Nc3 dxe4 3. Nxe4 Bf5 4. Ng3 Bg6 5. d4 Nf6 6. Nf3 Nbd7 7. Bd3 e6 8. 0-0 Bd6 9. Re1 0-0 10. Bg5 Bxd3 11. Qxd3 h6 12. Bd2 c5 13. Be3 Qb6 14. Qb3 Qc7 15. Rad1 c4 16. Qc3 Nd5 17. Qd2 c3 18. Qd3 Nb4 19. Qxc3 Qxc3 20. bxc3 Nxc2 21. Re2 Na3 22. d5 e5 23. Ne4 Nc4 24. Bc1 Rfe8 25. Nfd2 Ndb6 26. Nxd6 Nxd6 27. Ba3 Nb5 28. Nb1 Rad8 29. Rde1 Rxd5 30. f4 e4 31. g4 Nc4 32. Bc1 f5 33. gxf5 Nbd6 34. Na3 Kf7 35. Nxc4 Nxc4 36. Rxe4 Rxe4 37. Rxe4 Rd1+ 38. Kf2 Nd6 39. Rd4 Rxd4 40. cxd4 Nxf5 41. Bb2 Ke6 42. Ke2 g6 43. Bc3 Kd5 44. Kd3 b6 45. a3 Nd6 46. Bd2 h5 47. Bc1 Nb5 48. Bb2 Nc7 49. Bc1 Ne6 50. Be3 b5 51. h3 a6 52. h4 Ng7 53. Kc3 Nf5 54. Bf2 a5 55. Kd3 b4 56. axb4 axb4 57. Be1 b3 58. Kc3 Nxd4 59. Bf2 Ne2+ 60. Kxb3 Ke4 61. Kc4 Kf3 62. Be1 Nxf4 63. Kd4 Ng2 64. Bd2 Kg4 65. Ke5 Nxh4 66. Kf6 Nf3 0-1

[Event "St Casablanca la Constitucion 2nd"]
[Site "St Casablanca"]
[Date "2013.12.06"]
[Round "1.5"]
[White "Sierra Aguerri, Joaquin"]
[Black "Domingo Romance, Agustin"]
[Result "1-0"]
[WhiteElo "2023"]
[BlackElo "1722"]
[PlyCount "59"]
[EventDate "2013.12.06"]
[EventType "swiss"]
[EventRounds "7"]
[EventCountry "ESP"]
[SourceTitle "EXT 2024"]
[Source "ChessBase"]
[SourceDate "2023.10.10"]
[SourceVersion "1"]
[SourceVersionDate "2023.10.10"]
[SourceQuality "1"]

1. e4 e6 2. d4 d5 3. e5 c5 4. c3 cxd4 5. cxd4 Nc6 6. Be3 Bb4+ 7. Nc3 Qa5 8. Qb3 Nge7 9. Bd3 Bd7 10. a3 Bxc3+ 11. bxc3 Qc7 12. Ne2 b6 13. 0-0 0-0 14. Qc2 g6 15. Bh6 Rfc8 16. h4 Nf5 17. Bxf5 exf5 18. Qd2 Be6 19. Bg5 Qd7 20. Rad1 Na5 21. Qf4 Rc4 22. Rd3 Rac8 23. Rg3 Ra4 24. Bf6 Qe8 25. h5 Qf8 26. Qg5 Rc7 27. Nf4 Rc6 28. hxg6 fxg6 29. Nxg6 h6 30. Ne7+ 1-0

[Event "Aragon-chT Preferente B"]
[Site "Aragon"]
[Date "2013.03.09"]
[Round "7.58"]
[White "Sanchez Castro, Roberto"]
[Black "Sierra Aguerri, Joaquin"]
[Result "0-1"]
[WhiteElo "2014"]
[BlackElo "1978"]
[PlyCount "56"]
[EventDate "2013.01.26"]
[EventType "team"]
[EventRounds "9"]
[EventCountry "ESP"]
[SourceTitle "EXT 2014"]
[Source "ChessBase"]
[SourceDate "2013.11.20"]
[SourceVersion "1"]
[SourceVersionDate "2013.11.20"]
[SourceQuality "1"]
[WhiteTeam "IberCaja III"]
[BlackTeam "Tauste"]
[WhiteTeamCountry "ESP"]
[BlackTeamCountry "ESP"]

1. e4 d5 2. exd5 Qxd5 3. Nc3 Qa5 4. Bc4 Nf6 5. h3 c6 6. a3 e5 7. Qe2 Bd6 8. Nf3 0-0 9. 0-0 Bf5 10. Nh4 e4 11. Kh1 Re8 12. Nb5 cxb5 13. Nxf5 Bc7 14. Bb3 Nc6 15. c3 b4 16. g4 bxa3 17. f4 exf3 18. Qxf3 Qe5 19. Qg2 Qb5 20. Bxf7+ Kxf7 21. Ne3 Kg8 22. bxa3 Ne4 23. Rf5 Qd3 24. Rf3 Ne5 25. Rf4 Ng6 26. Rf3 Nh4 27. Qf1 Nxf3 28. Qxf3 Rf8 0-1